| 000 | 00420cam a22001337a 4500 | ||
|---|---|---|---|
| 008 | 180718b1978 xxu||||| |||| 00| 0 eng d | ||
| 082 | _aW2000 P27 | ||
| 100 | _aPatankar, P.G. | ||
| 245 |
_aUrban mobility: in developing countries _cby P.G. Patankar |
||
| 260 |
_aBombay _bPopular Prakashan _c1978 |
||
| 300 | _axiv, 152p | ||
| 650 | _aTransportation -India -Bombay. | ||
| 650 | _aUrban transportation -Developing countries | ||
| 999 |
_c411458 _d411458 |
||